Estética para principiantes: Teoría y filosofía del arte.

Guardado en:
Detalles Bibliográficos
Autor principal: Osborne, Richard (autor)
Otros Autores: Sturgis, Dan (autor), Turner, Natalie (ilustraciones), Rial Ungaro, Santiago (traductor)
Formato: Libro
Publicado: Buenos Aires, Argentina: Era Naciente, 2013.
Edición:1a. ed.
Colección:Para Principiantes,
Materias:
Etiquetas: Agregar Etiqueta
Sin Etiquetas, Sea el primero en etiquetar este registro!

MARC

LEADER 00000nam a22000007a 4500
003 CL-VaPUC
005 20250321101941.0
008 250131t2013 ||||| |||| 00| 0 eng d
999 |c 446984  |d 446982 
020 |a 978-987-555-048-3 
040 |c Pontificia Universidad Católica de Valparaíso 
082 |a 701.17 OSB 2013 
100 |9 896097  |a Osborne, Richard  |e autor 
245 |a Estética para principiantes:  |b Teoría y filosofía del arte. 
250 |a 1a. ed. 
260 |a Buenos Aires, Argentina:  |b Era Naciente,  |c 2013. 
300 |a 188 páginas:  |b ilustraciones. 
490 |a Para Principiantes,  |n  119. 
500 |a c.1. Instituto Arcos.08-01-2025. 
583 |c 20250131  |k Gabriela Rodríguez Cuevas 
650 0 |9 264950  |a Estética   |x Principios y fundamentos  |x Libros ilustrados 
650 0 |9 264951  |a Filosofía del arte 
700 |9 896098  |a Sturgis, Dan  |e autor 
700 |9 896099  |a Turner, Natalie  |e ilustraciones 
700 |9 896101  |a Rial Ungaro, Santiago  |e traductor 
942 |2 ddc  |c BK  |n 0 
952 |0 0  |1 0  |2 ddc  |4 0  |6 701_170000000000000_OSB_2013  |7 0  |8 A  |9 600312  |a BIBINC  |b BIBINC  |d 2025-01-31  |e Instituto Arcos  |i 5665204  |o 701.17 OSB 2013  |p 5665204  |r 2025-01-31  |t 1  |w 2025-01-31  |y BK  |k IFP